| 000 | 00547cam a2200193ua 4500 | ||
|---|---|---|---|
| 001 | 11429 | ||
| 008 | 190919n ii |||gr||||Z||||||eng | ||
| 020 | _a9780195606867 | ||
| 040 | _cMAIN | ||
| 041 | _aeng | ||
| 082 | _a954.8 | ||
| 100 |
_aK A Nilakantha Sastri, _eAuthor. |
||
| 245 |
_aHistory of south india : _bFrom prehistoric times to the fall of vijayanagar / _cBy K A Nilakanta Sastri . |
||
| 250 | _a4th ed. | ||
| 260 |
_aNew Delhi: _boxford university press, _c2017. |
||
| 300 | _a481p. | ||
| 653 | _aSouth Asia India | ||
| 942 | _cBK | ||
| 999 |
_c10270 _d10270 |
||